درسِ قرآن کی تیاری کیسی کی جائے (Record no. 106553)

MARC details
000 -LEADER
fixed length control field 00857nam a22002537a 4500
005 - DATE AND TIME OF LATEST TRANSACTION
control field 20170123162313.0
010 ## - LIBRARY OF CONGRESS CONTROL NUMBER
LC control number B-098274
020 ## - INTERNATIONAL STANDARD BOOK NUMBER
Terms of availability 35.00
035 ## - SYSTEM CONTROL NUMBER
System control number B-098274
037 ## - SOURCE OF ACQUISITION
Source of stock number/acquisition Cen Lib/Ret
040 ## - CATALOGING SOURCE
Original cataloging agency DPL
Language of cataloging UR
082 ## - DEWEY DECIMAL CLASSIFICATION NUMBER
Classification number 270.207
Item number چ ی ش
100 ## - MAIN ENTRY--PERSONAL NAME
Personal name چشتی، خلیلرّہماں
9 (RLIN) 113160
245 ## - TITLE STATEMENT
Title درسِ قرآن کی تیاری کیسی کی جائے
Statement of responsibility, etc چشتی خلیلرہمن
246 ## - VARYING FORM OF TITLE
Title proper/short title Drse quran ki teyari kaise ki jaye /
Remainder of title by Khaleel Arhman Chishti
260 ## - PUBLICATION, DISTRIBUTION, ETC. (IMPRINT)
Name of publisher, distributor, etc مقتبہ الحسنات
Place of publication, distribution, etc نیی دہلی
Date of publication, distribution, etc 2004
270 ## - ADDRESS
City نیی دہلی
Address کچہ چھلاندریاگنج
Postal code 110002
300 ## - PHYSICAL DESCRIPTION
Extent 80p.
Dimensions 21cm(pbk)
650 ## - SUBJECT ADDED ENTRY--TOPICAL TERM
Topical term or geographic name as entry element اسلام
9 (RLIN) 113161
650 ## - SUBJECT ADDED ENTRY--TOPICAL TERM
Topical term or geographic name as entry element قران
9 (RLIN) 536
650 ## - SUBJECT ADDED ENTRY--TOPICAL TERM
Topical term or geographic name as entry element Islam
9 (RLIN) 5289
650 ## - SUBJECT ADDED ENTRY--TOPICAL TERM
Topical term or geographic name as entry element Quraan
9 (RLIN) 113162
942 ## - ADDED ENTRY ELEMENTS (KOHA)
Source of classification or shelving scheme Dewey Decimal Classification
Koha item type Urdu Bks
Classification part 270.207
Call number suffix چ ی ش
Holdings
Withdrawn status Lost status Damaged status Not for loan Home library Current library Date acquired Source of acquisition Cost, normal purchase price Total Checkouts Full call number Barcode Date last seen Copy number Cost, replacement price Price effective from Koha item type
        Central Library Central Library 23/12/2015 Cen Lib/Ret 35.00   270.207 چ ی ش B-098274 23/12/2015 1 35.00 23/12/2015 Urdu Bks

© Delhi Public Library
Hit Counter
free hit counter